000
00408nam a2200133Ia 4500
008
151001s9999||||xx |||||||||||||| ||und||
100
_a
व रा रत्नपारखी
245
_a
महाराष्ट्र मातेचे माहेर
250
_a
1
260
_b
बालवाड्मय निर्मिती शिबीर
260
_c
1961
300
_a
23
365
_b
7
999
_c
952884
_d
952881